Las Condiciones de la política social en América Latina /

El artículo tiene por objetivo lograr un acercamiento a las políticas sociales, entendidas como parte constituiva de los profundos cambios que vienen operando en los países latinoamericanos. Se busca mostrar los rasgos que desde la década de 1980 definen el sentido de las estrategias prevalecientes...

Ամբողջական նկարագրություն

Պահպանված է:
Մատենագիտական մանրամասներ
Հիմնական հեղինակ: Salinas Figueredo, Darío
Այլ հեղինակներ: Tetelboin Henrion, Carolina
Ձևաչափ: Տեքստ
Խորագրեր:
Ցուցիչներ: Ավելացրեք ցուցիչ
Չկան պիտակներ, Եղեք առաջինը, ով նշում է այս գրառումը!

MARC

LEADER 00000 a a2200000 04500
001 11627
003
040
100 |a Salinas Figueredo, Darío  
245 |a Las Condiciones de la política social en América Latina /  |c Darío Salinas Figueredo ; Carolina Tetelboin Henrion 
500 |a Resumen también en inglés  
520 |a El artículo tiene por objetivo lograr un acercamiento a las políticas sociales, entendidas como parte constituiva de los profundos cambios que vienen operando en los países latinoamericanos. Se busca mostrar los rasgos que desde la década de 1980 definen el sentido de las estrategias prevalecientes y cuya prosecución se ha venido ratificando, con particularidades y variantes, al tiempo que han determiando tendencialmente los registros socieconómicos actuales. La perspectiva analítica evita el tratamiento de la política social como asunto limitado al diseño técnico, para enfatizar, en cambio, la importancia de explorar los criterios políticos vinculados a las estrategias que la sustentan  
650 |a POLITICA SOCIAL  
650 |a MARGINALIDAD  
650 |a POBREZA  
650 |a AMERICA LATINA  
650 |a POBREZA  
700 |a Tetelboin Henrion, Carolina  
773 |g volumen 11, número 44; páginas 83-108  
999 |c 38948  |d 38948